| 000 | 01132naa a22003137a 4500 | ||
|---|---|---|---|
| 001 | BR9400516 | ||
| 003 | BR-BrBNA | ||
| 005 | 20240918180851.0 | ||
| 007 | ta | ||
| 008 | 230509b bl.||||| |||| 00| 0 por d | ||
| 040 |
_aBR-BrBNA _bpor _cBiblioteca Nacional de Agricultura |
||
| 041 | _a(Pt) | ||
| 072 | _aF50; F70; F60 | ||
| 090 | _aF50 BR9400516 | ||
| 100 | 1 | _aLabouriau, L.G. | |
| 111 | 1 |
_a1. Simposio sobre o Cerrado _cSao Paulo, SP (Brazil) _d1962 |
|
| 245 | 1 | _aProblemas da fisiologia ecologica dos cerrados | |
| 260 | 3 |
_aSao Paulo, SP (Brasil): _bEdgard Blucher, _c1971. |
|
| 500 | _aFerri, M.G.(Coord.) 1. Simposio sobre o Cerrado Sao Paulo, SP (Brasil): Edgard Blucher, 1971. p. 203-241 (BR9400516-AM)F50 | ||
| 650 | _aEcologia Vegetal | ||
| 650 | _aAnatomia Vegetal | ||
| 650 | _aBiogeografia | ||
| 650 | _aGerminacao | ||
| 650 | _aBalanco Hidrico | ||
| 650 | _aCerrado | ||
| 773 | 0 |
_t1. Simposio sobre o Cerrado _aFerri, M.G.(Coord.)- Universidade de Sao Paulo, Sao Paulo (Brasil) _wF40 BR9400509 _gSao Paulo, SP (Brasil), 1971. _q376 p. |
|
| 909 |
_a202404 _bLucia _c55 _dLucia Elande |
||
| 942 |
_cAM _2AGRIS |
||
| 999 |
_c322390 _d322390 |
||